Stations de la ligne T7 du tramway francilien sur une carte - Statistiques

Statistiques générales
  • Ce quiz a été pris 58 fois
  • Le résultat moyen est 11 sur 18
Réponses sur la Carte
Les réponses sont colorées sur une échelle allant du rouge au vert en fonction du pourcentage des utilisateurs qui les ont devinées à leur premier essai. Vous pouvez retrouver ces pourcentages ci-dessous.
 
Statistiques - réponses
Arrêt % Correct
Aéroport d'Orly
100%
Villejuif - Louis Aragon
97%
Porte de l'Essonne
85%
Porte de Thiais - Marché International
76%
Cœur d'Orly
73%
Bretagne
70%
La Belle Épine
70%
Caroline Aigle - Orlyfret
67%
Hélène Boucher - Orlytech
64%
La Fraternelle
58%
Lamartine
58%
Saarinen - Parc Silic Nord
55%
Porte de Rungis
52%
Place de la Logistique - Plateforme Sogaris
48%
Domaine Chérioux
45%
Auguste Perret - Cimetière Parisien
42%
Moulin Vert
42%
Robert Schuman - Parc Silic Centre
36%
Aucun quiz correspondant
Distribution des résultats
% des personnes avec chaque résultat
Percentile par nombre de réponses
Votre historique - résultats
Vous n’avez pas pris ce quiz